| 000 | 00740cam a2200217 a 4500 | ||
|---|---|---|---|
| 003 | OSt | ||
| 005 | 20150408114008.0 | ||
| 008 | 030308s2000 ua g 00000 ara c | ||
| 020 | _a9789957110451 | ||
| 040 |
_aMU _bara _cMB |
||
| 082 | 0 | 4 |
_221 _a339 |
| 100 | 1 |
_aالوزني ، خالد واصف _99670 |
|
| 245 | 1 | 2 |
_aمبادئ الاقتصاد الكلي بين النظرية والتطبيق _cخالد واصف الوزني ، احمد حسين الرفاعي |
| 250 | _aط. 10 | ||
| 260 |
_aعمان ، الاردن _bدار وائل _c2009 |
||
| 300 |
_a402 ص. ؛ _c24 سم. |
||
| 650 | 7 |
_2aucsh _99672 |
|
| 650 | 7 |
_aالاقتصاد الكلي _99671 |
|
| 700 |
_aالرفاعي ، احمد حسين _99673 |
||
| 942 |
_2ddc _cBOOK |
||
| 999 |
_c20810 _d255310 |
||